The Human Use Human Beings (Record no. 23670)

000 -LEADER
fixed length control field 00282nam a22000857a 4500
003 - CONTROL NUMBER IDENTIFIER
control field NUST
005 - DATE AND TIME OF LATEST TRANSACTION
control field 20171208112115.0
008 - FIXED-LENGTH DATA ELEMENTS--GENERAL INFORMATION
fixed length control field 131230b xxu||||| |||| 00| 0 eng d
020 ## - INTERNATIONAL STANDARD BOOK NUMBER
International Standard Book Number 1853430757
Terms of availability Available
040 ## - CATALOGING SOURCE
Original cataloging agency DLC
Language of cataloging DLC
Transcribing agency RCMS
050 ## - LIBRARY OF CONGRESS CALL NUMBER
Classification number 306.46 WIE
082 ## - DEWEY DECIMAL CLASSIFICATION NUMBER
Classification number 306.46 WIE
100 ## - MAIN ENTRY--PERSONAL NAME
Personal name Norbert Wiener
9 (RLIN) 1409
245 ## - TITLE STATEMENT
Title The Human Use Human Beings
Statement of responsibility, etc. Wiener Norbert
Remainder of title Cybernetics and Society
260 ## - PUBLICATION, DISTRIBUTION, ETC.
Place of publication, distribution, etc. London
Name of publisher, distributor, etc. Free Association Books
Date of publication, distribution, etc. 1989
300 ## - PHYSICAL DESCRIPTION
Extent xxx,199,p:
Other physical details ill:
Dimensions 22,cm.
538 ## - SYSTEM DETAILS NOTE
Display text New Arrivals Shelf 1 Row 1
600 ## - SUBJECT ADDED ENTRY--PERSONAL NAME
General subdivision Cybernetics.Sociological Perspectives
9 (RLIN) 7073
856 ## - ELECTRONIC LOCATION AND ACCESS
Materials specified Table of contents only
Uniform Resource Identifier <a href="http://www.loc.gov/catdir/toc/ecip0716/2007017469.html">http://www.loc.gov/catdir/toc/ecip0716/2007017469.html</a>
942 ## - ADDED ENTRY ELEMENTS (KOHA)
Source of classification or shelving scheme
Koha item type Book
Call number prefix 306.46 WIE
Holdings
Withdrawn status Lost status Source of classification or shelving scheme Damaged status Not for loan Permanent Location Current Location Shelving location Date acquired Total Checkouts Barcode Date last seen Price effective from Koha item type
          School of Interdisciplinary Engineering and Sciences (SINES) School of Interdisciplinary Engineering and Sciences (SINES) General Stacks 12/30/2013   RCMS002584 12/30/2013 12/30/2013 Book
© 2023 Central Library, National University of Sciences and Technology. All Rights Reserved.